Les pays frontaliers de l'Algérie. - Statistiques

Statistiques générales
  • Ce quiz a été pris 207 fois
  • Le résultat moyen est 5 sur 6
Statistiques - réponses
Distance(km) Pays % Correct
1739km Maroc
100%
1010km Tunisie
97%
982km Libye
89%
1329km Mali
88%
461km Mauritanie
85%
951km Niger
82%
Aucun quiz correspondant
Distribution des résultats
% des personnes avec chaque résultat
Percentile par nombre de réponses
Votre historique - résultats
Vous n’avez pas pris ce quiz